| 000 | 00904nam a2200265 a 4500 | ||
|---|---|---|---|
| 001 | 3401090 | ||
| 003 | ARRUPE | ||
| 005 | 20161103104631.0 | ||
| 008 | 890418s1989 mdu b 001 0 eng | ||
| 010 | _a 89061356 | ||
| 020 |
_a0870611623 : _c$19.95 |
||
| 040 |
_aDLC _cDLC _dDLC |
||
| 050 | 0 | 0 |
_aBT160 _b.V53 1989 |
| 082 | 0 | 0 |
_a231/.8 _220 |
| 100 | 1 |
_aVicchio, Stephen. _927236 |
|
| 245 | 1 | 4 |
_aThe voice from the whirlwind : _bthe problem of evil and the modern world / _cStephen J. Vicchio. |
| 260 |
_aWestminister, MD : _bChristian Classics, _c1989. |
||
| 300 |
_avi, 326 p. ; _c23 cm. |
||
| 504 | _aIncludes bibliographical references (p. [295]-319). | ||
| 650 | 0 |
_aTheodicy. _915155 |
|
| 650 | 0 |
_aGood and evil. _927237 |
|
| 906 |
_a7 _bcbc _corignew _d2 _eopcn _f19 _gy-gencatlg |
||
| 942 |
_2lcc _cMONOGRAPH |
||
| 999 |
_c125655 _d125655 |
||